书目信息 |
| 题名: |
东南亚汉语教育概述
|
|
| 作者: | 马艳 编著 | |
| 分册: | ||
| 出版信息: | 广州 世界图书出版广东有限公司 2015 |
|
| 页数: | 243页 | |
| 开本: | 24cm | |
| 丛书名: | 中国语学文库 | |
| 单 册: | ||
| 中图分类: | H195.3 | |
| 科图分类: | ||
| 主题词: | 汉语--对外汉语教学--教学研究--东南亚 | |
| 电子资源: | ||
| ISBN: | 978-7-5100-9921-2 | |
| 000 | 00864oam2 2200253 450 | |
| 001 | 012015000090 | |
| 005 | 20151210164025.71 | |
| 010 | @a978-7-5100-9921-2@dCNY48.00 | |
| 100 | @a20151126d2015 em y0chiy50 ea | |
| 101 | 0 | @achi |
| 102 | @aCN@b440000 | |
| 105 | @ay z 000yy | |
| 106 | @ar | |
| 200 | 1 | @a东南亚汉语教育概述@Adong nan ya han yu jiao yu gai shu@dA brief introduction of the Chinese language education in southeast Asia@f马艳等编著@zeng |
| 210 | @a广州@c世界图书出版广东有限公司@d2015 | |
| 215 | @a243页@d24cm | |
| 225 | 2 | @a中国语学文库 |
| 410 | 0 | @12001 @a中国语学文库 |
| 510 | @aBrief introduction of the Chinese language education in southeast Asia@zeng | |
| 606 | 0 | @a汉语@x对外汉语教学@x教学研究@y东南亚 |
| 690 | @aH195.3@v5 | |
| 701 | 0 | @a马艳@Ama yan@4编著 |
| 801 | 0 | @aCN@b碧洲教育@c20151129 |
| 905 | @a10447@f3@dH195.3@e345 | |
| 东南亚汉语教育概述=A brief introduction of the Chinese language education in southeast Asia/马艳等编著.-广州:世界图书出版广东有限公司,2015 |
| 243页;24cm.-(中国语学文库) |
| ←并列题名:Brief introduction of the Chinese language education in southeast Asia |
| ISBN 978-7-5100-9921-2:CNY48.00 |
| ● |
| 相关链接 |
|
|
|
|
正题名:东南亚汉语教育概述
索取号:H195.3/345
 
预约/预借
| 序号 | 登录号 | 条形码 | 馆藏地/架位号 | 状态 | 备注 |
| 1 | 0872175 | 208721757 | 第二样本阅览室/ [索取号:H195.3/345] | 在馆 | |
| 2 | 0872176 | 208721766 | 教育系资料室/ [索取号:H195.3/345] | 在馆 | |
| 3 | 0872177 | 208721775 | 教育系资料室/ [索取号:H195.3/345] | 在馆 |